<?xml version="1.0" encoding="UTF-8"?>
<collection xmlns="http://www.loc.gov/MARC21/slim">
<record>
  <controlfield tag="001">111241</controlfield>
  <controlfield tag="005">20220309093112.0</controlfield>
  <datafield tag="037" ind1=" " ind2=" ">
    <subfield code="a">TAZ-TFG-2021-762</subfield>
  </datafield>
  <datafield tag="041" ind1=" " ind2=" ">
    <subfield code="a">spa</subfield>
  </datafield>
  <datafield tag="100" ind1="1" ind2=" ">
    <subfield code="a">Sierra Beltrán, Elena</subfield>
  </datafield>
  <datafield tag="242" ind1="0" ind2="0">
    <subfield code="a">IMPACT OF ENDOMETRIOSIS ON THE QUALITY OF LIFE OF WOMEN WITH ENDOMETRIOSIS. INTERNATIONAL PROJECT FOR HARMONIZATION OF THE CLINICAL PHENOTYPE OF ENDOMETRIOSIS</subfield>
  </datafield>
  <datafield tag="245" ind1="0" ind2="0">
    <subfield code="a">IMPACTO DE LA ENDOMETRIOSIS EN LA CALIDAD DE VIDA DE LAS MUJERES CON ENDOMETRIOSIS. PROYECTO INTERNACIONAL PARA ARMONIZACIÓN DEL FENOTIPO CLÍNICO DE LA ENDOMETRIOSIS</subfield>
  </datafield>
  <datafield tag="260" ind1=" " ind2=" ">
    <subfield code="a">Zaragoza</subfield>
    <subfield code="b">Universidad de Zaragoza</subfield>
    <subfield code="c">2021</subfield>
  </datafield>
  <datafield tag="506" ind1=" " ind2=" ">
    <subfield code="a">by-nc-sa</subfield>
    <subfield code="b">Creative Commons</subfield>
    <subfield code="c">3.0</subfield>
    <subfield code="u">http://creativecommons.org/licenses/by-nc-sa/3.0/</subfield>
  </datafield>
  <datafield tag="520" ind1=" " ind2=" ">
    <subfield code="a">La endometriosis es una enfermedad crónica en la edad fértil y muy heterogénea por su historia natural, evolución, extensión, progresión y espectro de síntomas tan diversos entre pacientes. Todo esto hace que no exista una buena herramienta de diagnóstico clínico y este se demore en ocasiones hasta diez años desde el inicio de los síntomas, lo que implica un difícil control de estos. Otra consecuencia de esta heterogeneidad es que las clasificaciones actuales por estadios no permiten obtener información sobre el grado de morbilidad de la paciente, el grado de afectación de la fertilidad o el pronóstico, en definitiva, es complicado correlacionar el grado de los síntomas con la gravedad de la enfermedad.&lt;br />Se trata además de una enfermedad, que por sus principales síntomas (dolor y esterilidad) y su cronicidad, tiene un fuerte impacto en la calidad de vida de las mujeres, afectando a su fertilidad, su capacidad de realizar actividad física, su productividad, sus relaciones sociales y sus relaciones sexuales, lo que implica un fuerte impacto psicológico. Para valorar algo tan subjetivo como la calidad de vida se han creado cuestionarios (EHP-30, EIQ, SEQoL o EPQ) específicos de endometriosis que evalúan el impacto de los síntomas en la calidad de vida de estas mujeres.&lt;br />El cuestionario EPQ surgió en 2014 a partir de un proyecto internacional llevado a cabo por el grupo “World Endometriosis Research Foundation” (WERF) y su objetivo no se limita a valorar la calidad de vida, si no que busca llegar a una estandarización de datos fenotípicos clínicos y epidemiológicos de las pacientes con endometriosis. Este proyecto pretende caracterizar “subpoblaciones” de pacientes y la propia enfermedad mediante una colaboración internacional. De este modo, se facilitaría la realización de estudios a gran escala para avanzar en la investigación de la enfermedad, tanto en un diagnóstico precoz como en el manejo de esta enfermedad que a pesar de no ser muy frecuente puede dejar secuelas importantes.&lt;br />&lt;br /></subfield>
  </datafield>
  <datafield tag="521" ind1=" " ind2=" ">
    <subfield code="a">Graduado en Medicina</subfield>
  </datafield>
  <datafield tag="540" ind1=" " ind2=" ">
    <subfield code="a">Derechos regulados por licencia Creative Commons</subfield>
  </datafield>
  <datafield tag="700" ind1=" " ind2=" ">
    <subfield code="a">Lou Mercadé, Ana Cristina</subfield>
    <subfield code="e">dir.</subfield>
  </datafield>
  <datafield tag="710" ind1="2" ind2=" ">
    <subfield code="a">Universidad de Zaragoza</subfield>
    <subfield code="b"> </subfield>
    <subfield code="c"></subfield>
  </datafield>
  <datafield tag="856" ind1="0" ind2=" ">
    <subfield code="f">717389@unizar.es</subfield>
  </datafield>
  <datafield tag="856" ind1="4" ind2=" ">
    <subfield code="s">1715063</subfield>
    <subfield code="u">http://zaguan.unizar.es/record/111241/files/TAZ-TFG-2021-762.pdf</subfield>
    <subfield code="y">Memoria (spa)</subfield>
  </datafield>
  <datafield tag="856" ind1="4" ind2=" ">
    <subfield code="s">619584</subfield>
    <subfield code="u">http://zaguan.unizar.es/record/111241/files/TAZ-TFG-2021-762_ANE.pdf</subfield>
    <subfield code="y">Anexos (spa)</subfield>
  </datafield>
  <datafield tag="909" ind1="C" ind2="O">
    <subfield code="o">oai:zaguan.unizar.es:111241</subfield>
    <subfield code="p">driver</subfield>
    <subfield code="p">trabajos-fin-grado</subfield>
  </datafield>
  <datafield tag="950" ind1=" " ind2=" ">
    <subfield code="a"></subfield>
  </datafield>
  <datafield tag="980" ind1=" " ind2=" ">
    <subfield code="a">TAZ</subfield>
    <subfield code="b">TFG</subfield>
    <subfield code="c">MED</subfield>
  </datafield>
  <datafield tag="999" ind1=" " ind2=" ">
    <subfield code="a">20210526165921.CREATION_DATE</subfield>
  </datafield>
  <datafield tag="951" ind1=" " ind2=" ">
    <subfield code="a">deposita:2022-03-09</subfield>
  </datafield>
</record>
</collection>